000 00658nam a2200229 i 4500
001 C2-0300991
003 PPAK
005 20180728082406.0
008 091130s2005 my a|||| ||||| | eng d
020 _a9789673021420 ; 9833255094
040 _aPPAK
_beng
_cPPAK
_erda
082 0 4 _a398.245
_223
090 0 0 _a398.245
_bCOL
_dRK
245 0 0 _aCollection of bedtime fables
264 1 _aBatu Caves, Selangor :
_bKiddibird ,
_c2005
300 _an.p.. :
_bcolour illustrations ;
_c25 cm
336 _2rdacontent
_atext
337 _2rdamedia
_aunmediated
338 _2rdacarrier
_avolume
650 1 0 _aAnimals, Legends and stories of.
942 _ddc
_cB
999 _c104816
_d104816